Hearsay : [listening work : student's book]

Αποθηκεύτηκε σε:
Λεπτομέρειες βιβλιογραφικής εγγραφής
Κύριος συγγραφέας: Wellman, Guy
Μορφή: Βιβλίο
Γλώσσα:English
Δημοσίευση: Walton-on-Thames : Nelson, 1982
Θέματα:
Ετικέτες: Προσθήκη ετικέτας
Δεν υπάρχουν, Καταχωρήστε ετικέτα πρώτοι!

MARC

LEADER 00000nam a2200000 i 4500
001 1/49750
008 960401s1982 eng d
020 |a 0175553785 
035 |l 10026887 
040 |a GR-MY-UA  |b gre  |e aacr 
041 0 |a eng 
082 0 |a 428.34 
100 1 |a Wellman, Guy. 
245 1 0 |a Hearsay :  |b [listening work : student's book] /  |c Guy Wellman 
260 |a Walton-on-Thames :   |b Nelson,   |c 1982 
300 |a 47 p. 
650 0 0 |a English language  |v Textbooks for foreign speakers. 
650 0 0 |a Listening. 
650 0 0 |a Comprehension. 
852 |a INST  |b CHIOS  |e 19960401  |h 428.34 WEL  |p 005200004932  |q 005200004932  |t BK  |y 0 
909 |a Χ  |b 004781